000 00357 a2200157 4500
001 122764
020 _a9788566438017
040 _cEscola Canadense de Niteroi
100 _aMaria Fernandes
245 1 0 _aPara Brincar de Ler e Escrever 1
260 _aSão Paulo
362 0 _a2013
650 4 _aLíngua Portuguesa
650 4 _aLeitura
942 _cBK
999 _c122764
_d122764